| 000 | 00583nam a22001937a 4500 | ||
|---|---|---|---|
| 003 | OSt | ||
| 005 | 20190222070247.0 | ||
| 008 | 180226b xxu||||| |||| 00| 0 spa d | ||
| 020 | _a9505233418 | ||
| 040 | _cPJ | ||
| 100 |
_93765 _aBoretto, Mauricio |
||
| 245 | 1 | 3 |
_aLa tutela autosatisfactiva operando en la práctica / _cMauricio Boretto. |
| 260 |
_aBuenos Aires : _bUniversitas, _c2005. |
||
| 300 |
_a94 p. _b23 cm. |
||
| 504 | _aBibliografĂa: p. 89-91. | ||
| 650 | 0 |
_9267 _aDERECHO PROCESAL |
|
| 650 | 0 |
_91051 _aMEDIDAS CAUTELARES |
|
| 942 |
_2udc _cLIB _h347.919.6 _iBOR |
||
| 999 |
_c2374 _d2374 |
||